000 00582nam a22002057a 4500
003 DO-SdBNP
005 20171205124455.0
008 171030b 1972||||| |||| 00| 0 spa d
040 _aBPMSU
_bspa
_cBPMSU
082 4 _a867.44
_bG463G
100 _aGila Cuesta, Miguel
245 1 _aGila y su gente /
_cMiguel Gila Cuesta
260 _aBuenos Aires :
_bNueva Senda ,
_c1972
300 _a1v.,
_bil.;
_c19 cm.
650 4 _aHUMORISMO ESPAÑOL
650 4 _aLITERATURA ESPAÑOLA
910 _aValidado. Control de calidad MFF
942 _2ddc
_cBK
945 _aInventariado, 2017/MFF
999 _c12718
_d12718